Statistics for U.S. States with the Least Farmland

Click here to take the quiz!

General Stats

  • This quiz has been taken 10,540 times
    (10,501 since last reset)
  • The average score is 7 of 10

Answer Stats

% State % Correct
10.5Rhode Island
89%
0.2Alaska
83%
7.4Maine
83%
21.2Vermont
79%
8.3New Hampshire
76%
14.1Connecticut
75%
15.2New Jersey
72%
10.5Massachusetts
68%
8.4Nevada
49%
20.9Utah
41%

Score Distribution

Percentile by Number Answered

Percent of People with Each Score

Your Score History

You have not taken this quiz since the last reset